000 00395nam a2200169Ia 4500
008 230524s9999 xx 000 0 und d
020 _a8178085062
082 _a4
_bWIN
100 _aPatrick Henry Winston
245 0 _aArtificial Intelligence
250 _a3RD
260 _aNEW DELHI
_bTMH
_c2000
300 _aXXV;737
500 _aQuantity Number: 10
650 _aComp-Sc
942 _cBK
999 _c4298
_d4298